000 00648nam a2200253Ia 4500
003 OSt
005 20221005035907.0
006 a|||||r|||| 00| 0
007 ta
008 221004b |||||||| |||| 00| 0 urd d
020 _c2
024 _a9073
037 _cTextual
040 _aCRL
_cCRL
_burd
041 _2urd
_aurd
082 _aQ7, 168G4
100 _aMalihabadi Abdur-Razaq Au.
_9588748
245 0 _aWahi Mohammadi
260 _aDelhi
_bMaktaba Jamia ltd. India
_c1934
300 _a502p.
_ccm.
650 _aISLAM
942 _hQ7, 168G4
_cTEXL
_2cc
999 _c946010
_d946010